LEADER 01243nam a2200277 i 4500 001 991002614419707536 008 141023s2012 it d b 000 0 ita d 020 $a9788861372870 035 $ab14203273-39ule_inst 040 $aBibl. Dip.le Aggr. Storia Società Studi sull'Uomo - Sez. Sc. Pedagogiche Psic. Did.$bita 082 0 $a371.926 100 1 $aTressoldi, Patrizio E.$0159831 245 13$aIl trattamento dei disturbi specifici dell'apprendimento scolastico /$cPatrizio E. Tressoldi e Claudio Vio 250 $a4. rist. 264 1$aTrento :$bErickson,$c2014 300 $a160 p. :$bdiagr. ;$c24 cm 490 0 $aPsicologia 504 $aBibliografia: p. [125]-136 650 4$aApprendimento$xAspetti psicologici 700 1 $aVio, Claudio$eauthor$4http://id.loc.gov/vocabulary/relators/aut$0328594 907 $a.b14203273$b13-11-17$c23-10-14 912 $a991002614419707536 945 $aLE022 371 TRE02.01$g1$i2022000142380$lle022$nLE022/PINNELLI/2014$nLE022 Uffici di Biblioteca$nLE022/PREGRESSO/2017$op$pE21.00$q-$rn$ss $t0$u1$v0$w1$x0$y.i15645162$z21-11-14 996 $aTrattamento dei disturbi specifici dell'apprendimento scolastico$91747632 997 $aUNISALENTO 998 $ale022$b23-10-14$cm$da $e-$fita$git $h3$i0 LEADER 03948nam 22006135 450 001 9910299411003321 005 20200704104115.0 010 $a981-10-6211-0 024 7 $a10.1007/978-981-10-6211-7 035 $a(CKB)4100000000587069 035 $a(DE-He213)978-981-10-6211-7 035 $a(MiAaPQ)EBC5061638 035 $a(PPN)204532124 035 $a(EXLCZ)994100000000587069 100 $a20170927d2018 u| 0 101 0 $aeng 135 $aurnn|008mamaa 181 $ctxt$2rdacontent 182 $cc$2rdamedia 183 $acr$2rdacarrier 200 10$aChina-ASEAN Environment Outlook 1 (CAEO-1) $eTowards Green Development 205 $a1st ed. 2018. 210 1$aSingapore :$cSpringer Singapore :$cImprint: Springer,$d2018. 215 $a1 online resource (LI, 234 p. 51 illus., 29 illus. in color.) 311 $a981-10-6210-2 330 $aThis book presents a comprehensive analysis of the status and progress of China-ASEAN green development and examines the common development issues in China and ASEAN Member States (AMSs). It also explores development trends within the framework of global and regional environmental governance and discusses the approaches towards green development in China and AMSs, offering its own definition of green development and using a ?pressure-state-response? (PSR) model to build a framework for assessing green development. The book includes typical policy measures and numerous practices for green development in China and AMSs in the form of tables, figures and boxes. Based on detailed analysis, it argues that the global 2030 Agenda for Sustainable Development brings significant opportunities to China and AMSs, that the ongoing pragmatic cooperation should be further advanced, and that a connection between the Belt and Road Initiative and green ASEAN Community should be established to achieve regional sustainable development. As such it furthers readers? understanding of environment and development and practical policy advice for promoting China-ASEAN cooperation on environment and green development. Intended for decision makers from the government, business sector, and civil societies who are working to boost green development and China-ASEAN cooperation, it is also a valuable resource for government officials, researchers and non-experts interested in creating a balanced relationship between the environment and development. 606 $aEnvironmental management 606 $aEnvironmental law 606 $aEnvironmental policy 606 $aSustainable development 606 $aEconomic development 606 $aIndustrial management?Environmental aspects 606 $aEnvironmental Management$3https://scigraph.springernature.com/ontologies/product-market-codes/U17009 606 $aEnvironmental Law/Policy/Ecojustice$3https://scigraph.springernature.com/ontologies/product-market-codes/U16002 606 $aSustainable Development$3https://scigraph.springernature.com/ontologies/product-market-codes/U34000 606 $aRegional Development$3https://scigraph.springernature.com/ontologies/product-market-codes/913050 606 $aSustainability Management$3https://scigraph.springernature.com/ontologies/product-market-codes/515040 615 0$aEnvironmental management. 615 0$aEnvironmental law. 615 0$aEnvironmental policy. 615 0$aSustainable development. 615 0$aEconomic development. 615 0$aIndustrial management?Environmental aspects. 615 14$aEnvironmental Management. 615 24$aEnvironmental Law/Policy/Ecojustice. 615 24$aSustainable Development. 615 24$aRegional Development. 615 24$aSustainability Management. 676 $a333.7 712 02$aChina-ASEAN Environmental Cooperation Center, 906 $aBOOK 912 $a9910299411003321 996 $aChina-ASEAN Environment Outlook 1 (CAEO-1)$92503408 997 $aUNINA LEADER 05352nam 22006735 450 001 9910637719303321 005 20251009103027.0 010 $a9783031132988$b(electronic bk.) 010 $z9783031132971 024 7 $a10.1007/978-3-031-13298-8 035 $a(MiAaPQ)EBC7166077 035 $a(Au-PeEL)EBL7166077 035 $a(CKB)25913963400041 035 $a(DE-He213)978-3-031-13298-8 035 $a(OCoLC)1357015259 035 $a(EXLCZ)9925913963400041 100 $a20221228d2022 u| 0 101 0 $aeng 135 $aurcnu|||||||| 181 $ctxt$2rdacontent 182 $cc$2rdamedia 183 $acr$2rdacarrier 200 10$aMontology Palimpsest $eA Primer of Mountain Geographies /$fedited by Fausto O. Sarmiento 205 $a1st ed. 2022. 210 1$aCham :$cSpringer International Publishing :$cImprint: Springer,$d2022. 215 $a1 online resource (500 pages) 225 1 $aMontology,$x2731-3468 ;$v1 311 08$aPrint version: Sarmiento, Fausto O. Montology Palimpsest Cham : Springer International Publishing AG,c2023 9783031132971 320 $aIncludes bibliographical references and index. 327 $a1. Introductory remarks -- Part 1: The Pioneering Dimension -- 2. Mountain Studies and Research in the Eighteenth Century: The Contributions of Horace Bénédict de Saussure and Alexander von Humboldt to the Study of Mountains -- 3. Mountain Development Adventure: The Hillary Model behind the Hillary Medal -- 4. Historical and Contemporary Contributions of the ?Climber-Scientist? to Mountain Geography -- Part 2: The Human Dimension -- 5. Geopolitical and Cultural Appropriations: ?Mountain? as a Social Construct -- 6. Human Diversity, Identities, and Indigeneity in Contrasting Mountain Landscapes -- 7. Mountain Landscapes as ?Lifescapes?: Sustaining Traditional Biocultural Heritage and Supporting Resilience in the Asia-Pacific Region -- 8. Urbanization and the Verticality of Rural?Urban Linkages in Mountains -- Part 3: The Physical Dimension -- 9. Trends of Land Use and Land Cover Change in Mountain Regions -- 10. Atmospheric Envelopes and Glacial Retreat -- 11. Mountain Landslides ? An Overview of Common Types and Future Impacts -- 12. The Spiritual and Cultural Importance of Mountains -- 13. A Biocultural Ethic for Coinhabiting Mountainous Rivers -- 14. High Altitude Archaeology and the Anthropology of Sacred Mountains: 25 Years of Explorations and Diseminations -- Part 5: The Biogeographical Dimension -- 15. The Paleoecological View from the Mountains -- 16. Mountain Waterscapes: Geographies of Interactions, Transformations and Meanings -- 17. Biogeography of Knowledges in the Mountainous Anthropocene: Hybrid Conceptual and Practical Spaces within the GeoHumanities -- 18. Agrobiodiversity in Mountain Territories: Family Farming and the Challenges of Social-Environmental Changes -- Part 6: The Conservation Dimension -- 19. Construction of Disaster Risk in Mountain Systems and its Integrated Management -- 20. Population Movements, Colonization Trends and Amenity Migrants in Mountainscapes -- 21. Mountain Protected Areas and Ecotourism for Sustainable Development: A Case Study of Ecuador -- 22. Mountain Biosphere Reserves as Model Territories: Reconciling the Goals of Biological/Cultural Heritage Conservation and Development -- 23. World Heritage and Mountain Sites -- Part 7: The Epistemological Dimension -- 24. Ecosystem Services and Benefits of Nature to People: Global Change Pressures and Conflicts of Use in Mountainscapes -- 25. Metascientific Approaches to Montology -- 26. Terminology and Argot Woes in the Corpus of Mountain Geographies -- 27. Conclusion. 330 $aThis book introduces an innovative approach to sustainable and regenerative mountain development. Transdisciplinary to biophysical and biocultural scales, it provides answers to the "what, when, how, why, and where" that researchers question on mountains, including the most challenging: So What! Forwarding thinking in its treatment of core subjects, this decolonial, non-hegemonic volume inaugurates the Series with contributions of seasoned montologists, and invites the reader to an engaging excursion to ascend the rugged topography of paradigms, with the scaffolding hike of ambitious curiosity typical of mountain explorers. Chapter 8 is available open access under a Creative Commons Attribution 4.0 International License via link.springer.com. 410 0$aMontology,$x2731-3468 ;$v1 606 $aLandscape ecology 606 $aBiotic communities 606 $aPopulation biology 606 $aGeology 606 $aBioclimatology 606 $aLandscape Ecology 606 $aCommunity and Population Ecology 606 $aGeology 606 $aClimate Change Ecology 615 0$aLandscape ecology. 615 0$aBiotic communities. 615 0$aPopulation biology. 615 0$aGeology. 615 0$aBioclimatology. 615 14$aLandscape Ecology. 615 24$aCommunity and Population Ecology. 615 24$aGeology. 615 24$aClimate Change Ecology. 676 $a780.71 676 $a551.432 702 $aSarmiento$b Fausto O. 801 0$bMiAaPQ 801 1$bMiAaPQ 801 2$bMiAaPQ 912 $a9910637719303321 996 $aMontology Palimpsest$93003135 997 $aUNINA